MARC details
| 000 -CABECERA |
| campo de control de longitud fija |
03192nam a2200313 i 4500 |
| 001 - NÚMERO DE CONTROL |
| campo de control |
991061300313606706 |
| 003 - IDENTIFICADOR DEL NÚMERO DE CONTROL |
| campo de control |
ES-BaIT |
| 005 - FECHA Y HORA DE LA ÚLTIMA TRANSACCIÓN |
| campo de control |
20250902102357.0 |
| 008 - DATOS DE LONGITUD FIJA--INFORMACIÓN GENERAL |
| campo de control de longitud fija |
250312s1962 xxu|||||r|||||0|1 0 eng|c |
| 040 ## - FUENTE DE LA CATALOGACIÓN |
| Centro catalogador/agencia de origen |
ES-BaIT |
| Lengua de catalogación |
cat |
| Normas de descripción |
rda |
| Centro/agencia transcriptor |
ES-BaIT |
| 080 ## - NÚMERO DE LA CLASIFICACIÓN DECIMAL UNIVERSAL |
| Número de la Clasificación Decimal Universal |
792.028(09) |
| 100 1# - ENTRADA PRINCIPAL--NOMBRE DE PERSONA |
| Nombre de persona |
Duerr, Edwin, |
| Fechas asociadas al nombre |
1904-1985 |
| Término indicativo de función/relación |
autor |
| 9 (RLIN) |
166921 |
| 245 14 - MENCIÓN DE TÍTULO |
| Título |
The lenght and depth of acting / |
| Mención de responsabilidad, etc. |
Edwin Duerr ; with a foreword by A. M. Nagler |
| 264 #1 - PRODUCCIÓN, PUBLICACIÓN, DISTRIBUCIÓN, FABRICACIÓN Y COPYRIGHT |
| Producción, publicación, distribución, fabricación y copyright |
New York : |
| Nombre del de productor, editor, distribuidor, fabricante |
Holt, Rinehart and Winston, |
| Fecha de producción, publicación, distribución, fabricación o copyright |
1962 |
| 300 ## - DESCRIPCIÓN FÍSICA |
| Extensión |
590 pàgines; |
| Dimensiones |
24 cm |
| 336 ## - TIPO DE CONTENIDO |
| Término de tipo de contenido |
text |
| Código de tipo de contenido |
txt |
| Fuente |
rdacontent |
| 337 ## - TIPO DE MEDIO |
| Nombre/término del tipo de medio |
sense mediació |
| Código del tipo de medio |
n |
| Fuente |
rdamedia |
| 338 ## - TIPO DE SOPORTE |
| Nombre/término del tipo de soporte |
volum |
| Código del tipo de soporte |
nc |
| Fuente |
rdacarrier |
| 500 ## - NOTA GENERAL |
| Nota general |
Inclou referències bibliogràfiques i índex |
| 520 2# - SUMARIO, ETC. |
| Sumario, etc. |
I—THE RISE AND FALL OF ACTING : 1—The Beginnings : The Instinct ; First Greek Professionals ; “Men As They Ought to Be” ; Comedians , Actors’ Contests ; Euripides ; The Comics Mature ; Actors’ Guilds , Greek Acting. 2—The Rejection: Plays in Rome ; A Trivial Craft ; Theatricality : Literary Interlopers ; Actors Take Charge , Tidbits of Theory ; Acting in India --II—THE RENEWAL OF ACTING: 3—Roughly a Thousand Years, 476–1450: The Instinct Survives ; In the Churches ; In the Towns ; In the Far East Again. 4 – One Hundred and Fifty Years, 1450–1600: In Clubs, Castles, Courts ; France ; England ; “Italy” ; Spain ; Public Theaters, 1550–1580 ; Acting as a Business, 1580–1600. 5 – The Italian Professionals: No Playwrights Wanted ; The Actor Is All, Alas! ; Slow, Significant Failure. 6 – Play Acting Accepted, 1600–1700: Actors Everywhere ; Professionals in France ; Set-back in England ; Kabuki ; Molière; La Comédie-Française ; The Restoration ; Acting Is Declamation -- III—THE CHANGES IN ACTING: 7—The Successful Eighteenth Century: Examinations ; The Book Betterton ; Before 1725 in Paris and London ; The First Riccoboni ; Other Lands ; Aaron Hill, Macklin, and Garrick ; Le Comédien (1747) ; The Younger Riccoboni ; The Second Hill ; More Garrick, More Nature ; Germany; Russia ; Diderot ; Elocution Triumphant ; Elocution in English. 8—The Perplexed Nineteenth Century: Some Rebels ; Reflections by Talma ; Critics and Kean ; Macready and Others ; Romantic Flare ; Tinges of Realism ; Realism After 1850 ; English Directors ; American Actors ; The Meininger ; Realism Rampant by 1875 ; Nonrealism ; Actor’s Choice? ; Coquelin’s Method ; Reality Reproduced -- IV—THE VARIETY OF ACTING: 9—The Mass-Culture Century: Prologue ; From Sweden to Duse ; To Theatricalize or Not? ; English-Speaking Actors ; After 1910: Copeau ; Expressionism ; Stanislavski Prepares ; Mostly Box Office ; American Accent in the 1920’s ; Stark Young ; Various Russians ; Finding a “System” ; 1930–1950 ; The Years Ahead -- Sources -- Important Writings on Acting [Bibliografia] |
| 650 #7 - PUNTO DE ACCESO ADICIONAL DE MATERIA--TÉRMINO DE MATERIA |
| Término de materia o nombre geográfico como elemento de entrada |
Teatre |
| Subdivisión general |
Història |
| Fuente del encabezamiento o término |
lemac |
| 9 (RLIN) |
67138 |
| 650 #7 - PUNTO DE ACCESO ADICIONAL DE MATERIA--TÉRMINO DE MATERIA |
| Término de materia o nombre geográfico como elemento de entrada |
Actors |
| Subdivisión general |
Història |
| Fuente del encabezamiento o término |
lemac |
| 9 (RLIN) |
95041 |
| 650 #4 - PUNTO DE ACCESO ADICIONAL DE MATERIA--TÉRMINO DE MATERIA |
| Término de materia o nombre geográfico como elemento de entrada |
Interpretació |
| Subdivisión general |
Història |
| 9 (RLIN) |
79675 |
| 650 #4 - PUNTO DE ACCESO ADICIONAL DE MATERIA--TÉRMINO DE MATERIA |
| Término de materia o nombre geográfico como elemento de entrada |
Mètodes d'interpretació |
| 9 (RLIN) |
57347 |
| 700 1# - ENTRADA AGREGADA--NOMBRE PERSONAL |
| Nombre de persona |
Nagler, A. M. |
| Forma completa/desarrollada del nombre |
(Alois Maria), |
| Fechas asociadas al nombre |
1907-1993 |
| Término indicativo de función/relación |
escriptor d'un pròleg |
| 9 (RLIN) |
35797 |
| 908 ## - COLOCAR PARÁMETRO DE COMANDO (RLIN) |
| Colocar parámetro de comando |
CDMAE |
| 940 ## - EQUIVALENCIA O REFERENCIA-CRUZADA--TÍTULO UNIFORME [OBSOLETO] [solamente CAN/MARC] |
| Título uniforme |
<a href="CDMAE">CDMAE</a> |
| 942 ## - ELEMENTOS DE ENTRADA AGREGADA (KOHA) |
| Fuente del sistema de clasificación o colocación |
Clasificación decimal universal |
| Tipo de ítem Koha |
Llibre |